| 000 | 01246cab a2200445 4500 | ||
|---|---|---|---|
| 001 | ABS57258 | ||
| 008 | 090401t1997 xxu||||| |||| 00| 0 eng d | ||
| 035 | _a(Sirsi) u79844 | ||
| 041 | _aeng | ||
| 245 | _aFocus `97: Staffordshire and Shropshire | ||
| 260 | _c1997 | ||
| 350 | _a0 | ||
| 490 |
_aEstates Gazette _v(9729) 19 July 1997, 87-115(15) |
||
| 650 | _aBURTON-ON-TRENT | ||
| 650 | _aCANNOCK | ||
| 650 | _aCINEMAS | ||
| 650 | _aCOUNTRY HOUSES | ||
| 650 | _aDEVELOPMENT | ||
| 650 | _aDISTRIBUTION MARKET | ||
| 650 | _aFESTIVAL PARK | ||
| 650 | _aFOREIGN INVESTORS | ||
| 650 | _aHOUSE PRICES | ||
| 650 | _aHOUSING MARKET | ||
| 650 | _aINDUSTRIAL MARKET | ||
| 650 | _aLEISURE MARKET | ||
| 650 | _aPROPERTY-COMMERCIAL PROPERTY-OFFICE PROPERTY-OFFICE PROPERTY MARKET | ||
| 650 | _aOUT OF TOWN DEVELOPMENT | ||
| 650 | _aRESTAURANTS | ||
| 650 | _aPROPERTY-COMMERCIAL PROPERTY-RETAIL PROPERTY-RETAIL PROPERTY MARKET | ||
| 650 | _aROAD LINKS | ||
| 650 | _aSHROPSHIRE | ||
| 650 | _aSTAFFORD | ||
| 650 | _aSTAFFORDSHIRE | ||
| 650 | _aSTOKE-ON-TRENT | ||
| 650 | _aTAMWORTH | ||
| 650 | _aTELFORD | ||
| 690 | _aPROPERTY-COMMERCIAL PROPERTY-COMMERCIAL PROPERTY MARKET | ||
| 942 | _n0 | ||
| 948 | _c24/07/1997 | ||
| 999 |
_c50239 _d50239 |
||